<?xml version="1.0" encoding="UTF-8"?>
<record
    xmlns:xsi="http://www.w3.org/2001/XMLSchema-instance"
    xsi:schemaLocation="http://www.loc.gov/MARC21/slim http://www.loc.gov/standards/marcxml/schema/MARC21slim.xsd"
    xmlns="http://www.loc.gov/MARC21/slim">

  <leader>01204njm a2200385 c 4500</leader>
  <controlfield tag="001"> </controlfield>
  <controlfield tag="003">DO-SdBNP</controlfield>
  <controlfield tag="005">20250205090221.0</controlfield>
  <controlfield tag="008">160127s 2008  sp    d spa</controlfield>
  <datafield tag="015" ind1=" " ind2=" ">
    <subfield code="a"> </subfield>
  </datafield>
  <datafield tag="017" ind1=" " ind2=" ">
    <subfield code="a"> </subfield>
    <subfield code="b"> </subfield>
  </datafield>
  <datafield tag="020" ind1=" " ind2=" ">
    <subfield code="a">9788497645768</subfield>
  </datafield>
  <datafield tag="028" ind1="0" ind2="0">
    <subfield code="a"> </subfield>
    <subfield code="b"> </subfield>
  </datafield>
  <datafield tag="035" ind1=" " ind2=" ">
    <subfield code="a"> </subfield>
  </datafield>
  <datafield tag="040" ind1=" " ind2=" ">
    <subfield code="a">BPMSU</subfield>
    <subfield code="b">spa</subfield>
    <subfield code="c">BPMSU</subfield>
    <subfield code="e"> </subfield>
  </datafield>
  <datafield tag="082" ind1=" " ind2=" ">
    <subfield code="a">923.146</subfield>
    <subfield code="b">F363D 2008</subfield>
    <subfield code="2">22</subfield>
  </datafield>
  <datafield tag="084" ind1=" " ind2=" ">
    <subfield code="a"> </subfield>
    <subfield code="2"> </subfield>
  </datafield>
  <datafield tag="100" ind1="1" ind2=" ">
    <subfield code="a">D&#xED;az Villanueva, Fernando </subfield>
    <subfield code="d">1970-</subfield>
    <subfield code="4"> </subfield>
  </datafield>
  <datafield tag="240" ind1="1" ind2="0">
    <subfield code="a"> </subfield>
    <subfield code="n"> </subfield>
    <subfield code="r"> </subfield>
  </datafield>
  <datafield tag="245" ind1="1" ind2="0">
    <subfield code="a"> Femando el Cat&#xF3;lico  /</subfield>
    <subfield code="c"> Fernando D&#xED;az Villanueva </subfield>
  </datafield>
  <datafield tag="260" ind1=" " ind2=" ">
    <subfield code="a">Madrid  :</subfield>
    <subfield code="b">Edimat Libros,</subfield>
    <subfield code="c">2008</subfield>
  </datafield>
  <datafield tag="300" ind1=" " ind2=" ">
    <subfield code="a">190 p. ;</subfield>
    <subfield code="c">23 cm.</subfield>
    <subfield code="e"> </subfield>
    <subfield code="b"> </subfield>
  </datafield>
  <datafield tag="490" ind1="0" ind2=" ">
    <subfield code="a">Grandes biograf&#xED;as</subfield>
  </datafield>
  <datafield tag="500" ind1=" " ind2=" ">
    <subfield code="a"> Incluye referencias bibliogr&#xE1;ficas y notas al pie de las p&#xE1;ginas </subfield>
  </datafield>
  <datafield tag="504" ind1=" " ind2=" ">
    <subfield code="a">Bibliograf&#xED;a. p.: 187-188</subfield>
  </datafield>
  <datafield tag="505" ind1="0" ind2=" ">
    <subfield code="a"> </subfield>
  </datafield>
  <datafield tag="511" ind1="1" ind2=" ">
    <subfield code="a">Ludwig Trio ; Hyo-Sun Lim, piano ; Orquesta Sinf&#xF3;nica de Galicia ; V&#xED;ctor Pablo P&#xE9;rez, director</subfield>
  </datafield>
  <datafield tag="590" ind1=" " ind2=" ">
    <subfield code="6">Inventariado, 2022/VM</subfield>
  </datafield>
  <datafield tag="600" ind1="1" ind2="4">
    <subfield code="a">Fernando </subfield>
    <subfield code="b">V, </subfield>
    <subfield code="c">El Cat&#xF3;lico, Rey de Espa&#xF1;a, </subfield>
    <subfield code="d">1452-1510.</subfield>
  </datafield>
  <datafield tag="650" ind1=" " ind2="4">
    <subfield code="a">Monarqu&#xED;a</subfield>
    <subfield code="y">1452-1516.</subfield>
    <subfield code="z">Espa&#xF1;a </subfield>
    <subfield code="x"> </subfield>
  </datafield>
  <datafield tag="650" ind1=" " ind2="4">
    <subfield code="a">Reyes y soberanos </subfield>
    <subfield code="y">1452-1516.</subfield>
  </datafield>
  <datafield tag="651" ind1=" " ind2="4">
    <subfield code="a">Espa&#xF1;a</subfield>
    <subfield code="x">Historia</subfield>
    <subfield code="y">1452-1516.</subfield>
  </datafield>
  <datafield tag="910" ind1=" " ind2=" ">
    <subfield code="a">VMateo V. </subfield>
  </datafield>
  <datafield tag="942" ind1=" " ind2=" ">
    <subfield code="2">ddc</subfield>
    <subfield code="c">BK</subfield>
  </datafield>
  <datafield tag="952" ind1=" " ind2=" ">
    <subfield code="0">0</subfield>
    <subfield code="1">0</subfield>
    <subfield code="2">ddc</subfield>
    <subfield code="4">0</subfield>
    <subfield code="7">0</subfield>
    <subfield code="8">CD</subfield>
    <subfield code="a">BPMET</subfield>
    <subfield code="b">BPMET</subfield>
    <subfield code="d">2022-09-20</subfield>
    <subfield code="l">0</subfield>
    <subfield code="o">BPMSU CG 923.146 F363D 2008</subfield>
    <subfield code="p">BPMSU22090029</subfield>
    <subfield code="r">2022-09-20</subfield>
    <subfield code="w">2022-09-20</subfield>
    <subfield code="y">BK</subfield>
  </datafield>
  <datafield tag="999" ind1=" " ind2=" ">
    <subfield code="c">14270</subfield>
    <subfield code="d">14270</subfield>
  </datafield>
</record>
